000 00247nam a2200097Ia 4500
001 1229105
005 20250827093054.0
008 250824s9999 xx 000 0 und d
245 0 _aADALET SAVAŞÇISI
_cROBERT BIDINOTTO
260 _bPANAMA YAYINLARI
999 _c1229105
_d1229105